Alle Edo Saiya Songs - Statistiken

Allgemein
  • Dieses Quiz wurde 2 mal gespielt
  • Das Durchschnittsergebnis liegt bei 107 aus 247
Antwortstatistiken
Antwort % Korrekt
Drei Stunden (feat. Souly)
100%
Highway
100%
Highway_V2
100%
Horizont
100%
Magie
100%
Ozean (feat. Kid Cairo)
100%
09:20
50%
10qm
50%
1Day (feat. Steele 11)
50%
1Minute
50%
2015
50%
2021
50%
2518
50%
29°
50%
29°_v3
50%
3:28
50%
3:31
50%
3:33
50%
3:36
50%
3:39
50%
3:41
50%
3:44
50%
3:47
50%
3:49 (feat. Kid Cairo)
50%
3:51
50%
3:52 (Dienstag Nacht Interlude)
50%
5 Am in Berlin
50%
6uhR (feat. Clueso)
50%
A
50%
Alles
50%
Aneinander vorbei (feat. Lil Lano)
50%
Apricot (Interlude)
50%
Artur (Interlude)
50%
Atme
50%
Auf&Ab
50%
Aufgehört zu Rennen
50%
Avantgardist (feat. Haiyti)
50%
Backinla
50%
Balle
50%
B B Y
50%
Beans (feat. Sierra Kidd)
50%
Besser
50%
Best Day Ever
50%
BitteRsüß
50%
Blind
50%
Bluescreen (feat. ccola)
50%
Bock
50%
Buch (feat. Sierra Kidd)
50%
Campari (feat. Carlo5)
50%
Check (feat. Rapsta)
50%
Choker (feat. Jalle)
50%
Corner
50%
Danke
50%
Dein Song
50%
Dichte Worte (feat. leyy)
50%
Diese Nacht (feat. Sin Davis)
50%
Dinge
50%
Down
50%
Drizzy Shit
50%
Droptop (feat. IND1GO)
50%
Drowning in the City (feat. BLAMEPEAK)
50%
Durch die Nacht (feat. Young Richie Rich)
50%
Ehrlich
50%
Einfach passieRt
50%
Entgegen
50%
Ewigkeit (feat. Zygn)
50%
Ewig (Remix)
50%
Fallen
50%
Flut
50%
Forrest
50%
Fotos (feat. Felikz)
50%
Fucked Up (feat. Lil Lano)
50%
Fühlen
50%
FüR den Fall
50%
Für zwei
50%
Gang$igns
50%
Gedanken vom Balkon
50%
GesteRn
50%
Glaskuppel
50%
Glück
50%
Glycerin (feat. Felikz)
50%
Gold
50%
Gone
50%
Gut
50%
Halbe Zigarette
50%
Hätte keiner gedacht (feat. Felikz)
50%
Hättest du gewollt
50%
Helsinki
50%
Hilf mir
50%
Hinter blauen Augen (feat. DONDON)
50%
Hometown
50%
Hunger (feat. Felikz)
50%
Ich bin da
50%
Ich bin du
50%
Ich dachte
50%
Immer wenn du gehst
50%
Intro
50%
Intro (Bis ins Grab)
50%
Intro (Ewig)
50%
Janas Interlude
50%
Jetzt
50%
Jollys (feat. negatiiv OG)
50%
Jugendlich
50%
Kalt
50%
Keine Ahnung
50%
Kein Zweifel
50%
Kids
50%
Kinofilm
50%
Kondensat (Skit)
50%
Kreis
50%
Lass mich gehen
50%
Lass mich los
50%
Late Checkout (feat. Jalle & Felikz)
50%
Lauf (feat. TYM)
50%
Leer
50%
Letzter Tag
50%
Levels
50%
Lieder vom Leben
50%
LunaR
50%
Mama (feat. LUIS)
50%
Mehr
50%
Meilen
50%
Mf easy
50%
Mio
50%
Monster
50%
Multiallein (feat. Yung Kafa & Kücük Efendi)
50%
Natürlich (feat. Felikz)
50%
Niemals
50%
Nightfall
50%
Nov.10
50%
Oben (feat. Freezy)
50%
Oh Damn / Loudpack (feat. Yin Kalle)
50%
Ohne dich / Ohne mich
50%
On Froze
50%
Problematisch
50%
Pull Up (feat. Kid Cairo)
50%
Raus (feat. negatiiv OG)
50%
Regen
50%
Roccstar
50%
Rote Karte
50%
Runden
50%
Sand
50%
Sarg
50%
Schachtelkiste (feat. T-Low)
50%
Scheinen (feat. Felikz)
50%
Schmetterlinge sterben
50%
Schwarze Herzen / Allein
50%
Seit du weg bist
50%
Seit ich dich kenn
50%
S.G.W.
50%
Shawty
50%
Sommer (feat. Olson)
50%
Sorry
50%
Sowieso egal
50%
Spiegel (feat. Yin Kalle)
50%
Spiegel mich (feat. Lil Lano)
50%
Spring / Fang
50%
Suite in NY Pt. 1
50%
Suite in NY Pt. 2
50%
Sünde
50%
Süßes Gift (feat. Felikz)
50%
Tagelang (feat. ccola)
50%
Tanz mit dem Teufel
50%
Tanz mit dem Teufel (Akustik)
50%
TReiben
50%
TRrilogy Vinyl
50%
Trüb (feat. Kidnfinity)
50%
TüR (feat. Prinz Pi)
50%
Tut weh
50%
Und wieder
50%
Vakuum
50%
Verliere mich
50%
Vielleicht
50%
Vorbei / Polaroids
50%
Wach (Ende / Anfang)
50%
Wamadu
50%
Warum
50%
Warum nicht
50%
Was ich mach
50%
Was sie Hustle nennen (feat. Felikz)
50%
Was weiß denn ich schon (feat. Felikz)
50%
Weg (feat. Felikz)
50%
Weg mit dir
50%
Weil du (feat. Kid Cairo)
50%
Weiß (feat. REEZA)
50%
Wenn die Sonne aufgeht
50%
Wenn du willst
50%
Wenn ich aufwach
50%
Wenn ich (feat. Carlo5)
50%
Wespe
50%
What the Focc
50%
White Girl
50%
Wie damals (feat. Jalle)
50%
Wie du tanzt
50%
Wind
50%
Wir halten die Zeit an
50%
Wo die Sonne immer scheint (feat. Felikz)
50%
Wo du warst
50%
Woran sonst (feat. Felikz)
50%
Wo sind wir hin?
50%
Würdest du auch
50%
ZeRRissen
50%
Zieh
50%
Zimmer 601
50%
Zimmer ohne Zeit (feat. Kid Cairo)
50%
Zinnoberrot
50%
Zuhause in der Welt
50%
Alien (feat. Sin Davis)
0%
Auf das, was war
0%
Basic
0%
Bouncen
0%
Call (feat. badchieff)
0%
Camel gelb
0%
Cartier
0%
Denk an dich
0%
Engel (feat. Marvin Game)
0%
Gegen die Wand (feat. Sharaktah)
0%
Herbst (feat. Sierra Kidd)
0%
Hoch&Heilig
0%
Ikone
0%
Keine Sorgen (feat. Felikz & Kid Cairo)
0%
Lana del Rey (feat. absent)
0%
Leben
0%
Licht aus (feat. Tim Baldus)
0%
Lieblich (feat. Felikz)
0%
Lonely (feat. ccola)
0%
Mann unteR FeueR
0%
Masnomal
0%
Neue Horizonte
0%
Okay
0%
Outro
0%
Pack (feat. RXCA)
0%
Paradox6n
0%
PLH
0%
Rollen
0%
Rote Gauloises
0%
Sofort (feat. Felikz)
0%
Sportscar
0%
Sterne (feat. badchieff)
0%
Szechuan
0%
Unterwegs
0%
Verpasst
0%
Wann wenn nicht jetzt
0%
Zombie
0%
Zurück
0%
Zurükk
0%
Zu viel (feat. T-Low)
0%
Keine übereinstimmenden Quizze gefunden
Verteilung der Resultate
Anzahl Personen mit jedem Resultat
Perzentil nach korrekt beantworteten Fragen
Ihre Resultats-Entwicklung
Sie haben dieses Quiz noch nicht gespielt